Report of the departmental committee on the social services in courts of summary jurisdicyion (Record no. 419230)

000 -LEADER
fixed length control field 00419cam a22001097a 4500
008 - FIXED-LENGTH DATA ELEMENTS--GENERAL INFORMATION
fixed length control field 180718b1957 xxu||||| |||| 00| 0 eng d
082 ## - DEWEY DECIMAL CLASSIFICATION NUMBER
Classification number Q921x42 Un3
245 ## - TITLE STATEMENT
Title Report of the departmental committee on the social services in courts of summary jurisdicyion
Statement of responsibility, etc. by Her Majesty's Stationery Office
260 ## - PUBLICATION, DISTRIBUTION, ETC.
Place of publication, distribution, etc. London
Name of publisher, distributor, etc. Her Majesty's Stationery Office
Date of publication, distribution, etc. 1957
300 ## - PHYSICAL DESCRIPTION
Extent 182p.
700 ## - ADDED ENTRY--PERSONAL NAME
Personal name U.K.Her Majesty's Stationery Office
Holdings
Withdrawn status Lost status Damaged status Not for loan Permanent Location Current Location Date acquired Full call number Barcode Date last seen Price effective from Koha item type
        Indian Institute of Public Administration Indian Institute of Public Administration 2009-07-01 Q921x42 Un3 10773 2018-07-21 2018-07-21 Book

Powered by Koha